| 000 | 00487nmm a2200169Ia 4500 | ||
|---|---|---|---|
| 008 | 251105s9999||||xx |||||||||||||||||und|| | ||
| 020 | _a9789681655143 | ||
| 041 | _aspa | ||
| 100 | _aReyes, Alfonso | ||
| 245 | 0 | _aDiez descansos de cocina | |
| 264 |
_a[México D.C., Mexico] : _bFondo de Cultura Económica, _c1998 |
||
| 300 | _a80 páginas | ||
| 490 | _aFondo 2000 | ||
| 650 | _aLatin American literature | ||
| 856 | _uhttps://public.digitaliapublishing.com/a/64212 | ||
| 942 | _cCF | ||
| 999 |
_c96861 _d96861 |
||